Grandes contemporáneos

Gespeichert in:
Bibliographische Detailangaben
1. Verfasser: Churchill, Winston (VerfasserIn)
Format: Buch
Sprache:Spanisch
Veröffentlicht: Buenos Aires Hyspamerica 1983
Ausgabe:1a. ed
Schlagworte:
Tags: Tag hinzufügen
Keine Tags, Fügen Sie den ersten Tag hinzu!

MARC

LEADER 00000cam a2200000 a 4500
001 UCD1620
003 CL-VaPUC
008 160316e19830730ag |||||||||||||||||spa|d
020 |a 8449964083 
082 0 4 |a 923  |b CHU  |2 21 
100 0 |a Churchill, Winston  |e author  |9 535510 
245 1 0 |a Grandes contemporáneos 
250 |a 1a. ed 
300 |a 285 p 
942 |c BK 
945 |d 20160316 17:23:00  |a arojas 
260 |a Buenos Aires  |b Hyspamerica  |c 1983 
500 |a Premio nobel 1953 
650 7 |a BIOGRAFIAS SIGLO 19  |2 CL-VaPUC  |9 584743 
650 7 |a BIOGRAFIAS SIGLO 20  |2 CL-VaPUC  |9 268648 
583 |a last modification  |c 20160316 17:23:00  |k Rodrigo Vera 
999 |c 362891  |d 362889 
952 |0 0  |1 0  |3 erd  |4 0  |6 923_000000000000000_CHU_1983  |7 0  |8 X  |9 474487  |a FDOBUD  |b FDOBUD  |i 5217776  |o 923 CHU 1983  |p 5217776  |r 2019-11-24  |w 2019-11-24  |y BK_X  |z Catalogado en:20160316  |k BUD